[Event "Chigorin Memorial 2014"]
[Site "St Petersburg RUS"]
[Date "2014.10.22"]
[Round "5.10"]
[White "Wen, Yang"]
[Black "Alekseenko, Kirill"]
[Result "0-1"]
[WhiteTitle "GM"]
[BlackTitle "FM"]
[WhiteElo "2601"]
[BlackElo "2483"]
[WhiteFideId "8602956"]
[BlackFideId "4135539"]
[EventDate "2014.10.18"]

1. Nf3 d5 2. g3 Nc6 3. d4 Bg4 4. Bg2 Qd7 5. c4 Bxf3 6. Bxf3 dxc4 7. O-O Rd8 8.
Nc3 e6 9. e3 Bb4 10. Qa4 Nge7 11. Qb5 O-O 12. Qxc4 Bxc3 13. bxc3 Na5 14. Qe2 b6
15. c4 Qa4 16. c5 Nc4 17. Be4 b5 18. Bc2 Qa5 19. Bb3 Qc3 20. Rb1 e5 21. dxe5 Nc6
22. e6 fxe6 23. Qg4 Rf6 24. Qe4 N6e5 25. Bxc4 Nf3+ 26. Kg2 Qxc4 27. Qxc4 bxc4
28. e4 c3 29. Be3 Nd2 30. Rfd1 c2 31. Rbc1 cxd1=Q 32. Rxd1 Rf7 33. c6 e5 34.
Rxd2 Rxd2 35. Bxd2 Rf6 36. Bc3 Rxc6 37. Bxe5 Rc5 38. f4 Rc2+ 39. Kf3 c5 0-1

[Event "Chigorin Memorial 2014"]
[Site "St Petersburg RUS"]
[Date "2014.10.22"]
[Round "5.11"]
[White "Matsenko, Sergei"]
[Black "Volkov, Sergey"]
[Result "0-1"]
[WhiteTitle "IM"]
[BlackTitle "GM"]
[WhiteElo "2485"]
[BlackElo "2599"]
[WhiteFideId "4170083"]
[BlackFideId "4122763"]
[EventDate "2014.10.18"]

1. Nf3 d5 2. c4 c6 3. e3 Nf6 4. Nc3 a6 5. d4 b5 6. b3 Bg4 7. Be2 e6 8. O-O Nbd7
9. Bb2 Bd6 10. h3 Bf5 11. Bd3 Bxd3 12. Qxd3 O-O 13. e4 dxc4 14. bxc4 e5 15. cxb5
axb5 16. Nxb5 cxb5 17. dxe5 Bxe5 18. Nxe5 Nxe5 19. Qxd8 Rfxd8 20. Bxe5 Nxe4 21.
f3 Rd5 22. Rfe1 Rxe5 23. Rxe4 Rxe4 24. fxe4 Kf8 25. Rb1 Ra5 26. Rb2 Ke7 27. Rd2
Ke6 28. Rd5 g6 29. a4 Rxa4 30. Rxb5 Rxe4 31. Kf2 h5 32. Kf3 Rd4 33. Rb6+ Ke5 34.
Rb5+ Kf6 35. Rb6+ Kg5 36. Rb5+ Kh4 37. Rb1 Rd3+ 38. Kf2 g5 39. Rf1 f5 40. Kg1
Kg3 41. Rc1 Ra3 42. Kf1 f4 43. Rc5 Ra1+ 44. Ke2 g4 45. Rxh5 f3+ 46. gxf3 gxf3+
47. Ke3 Re1+ 48. Kd4 0-1

[Event "Chigorin Memorial 2014"]
[Site "St Petersburg RUS"]
[Date "2014.10.22"]
[Round "5.12"]
[White "Predke, Alexandr"]
[Black "Demchenko, Anton"]
[Result "1-0"]
[BlackTitle "GM"]
[WhiteElo "2511"]
[BlackElo "2588"]
[WhiteFideId "24107581"]
[BlackFideId "4160258"]
[EventDate "2014.10.18"]

1. e4 e5 2. Nf3 Nc6 3. Bb5 Nge7 4. O-O g6 5. c3 a6 6. Ba4 Bg7 7. d4 exd4 8. cxd4
O-O 9. d5 Na5 10. Nbd2 b5 11. Bc2 d6 12. Rb1 c5 13. b3 c4 14. b4 Nb7 15. Re1 a5
16. a3 axb4 17. Rxb4 Qa5 18. Nb1 Bd7 19. e5 Bg4 20. exd6 Nf5 21. Bxf5 Bxf5 22.
Nd4 Nxd6 23. Bf4 Bxd4 24. Qxd4 Rfe8 25. Rxe8+ Rxe8 26. h3 Bxb1 27. Bxd6 Qxa3 28.
Qf6 Qd3 29. Be5 Rxe5 30. Qxe5 c3 31. Rf4 Qd1+ 32. Kh2 Bf5 33. Qxc3 Qxd5 34. Rd4
Qe5+ 35. f4 Qe7 36. Rd5 b4 37. Qd4 f6 38. Ra5 Be4 39. Ra7 Qe8 40. Qxf6 1-0

[Event "Chigorin Memorial 2014"]
[Site "St Petersburg RUS"]
[Date "2014.10.22"]
[Round "5.13"]
[White "Bernadskiy, Vitaliy"]
[Black "Matinian, Nikita"]
[Result "1/2-1/2"]
[WhiteTitle "GM"]
[BlackTitle "IM"]
[WhiteElo "2558"]
[BlackElo "2470"]
[WhiteFideId "14100371"]
[BlackFideId "24129100"]
[EventDate "2014.10.18"]

1. b3 e5 2. Bb2 Nc6 3. e3 Nf6 4. Bb5 Bd6 5. Na3 Na5 6. Be2 a6 7. Nf3 Qe7 8. Nb1
Nc6 9. d4 exd4 10. exd4 O-O 11. O-O Re8 12. Re1 Qd8 13. c4 Bb4 14. Rf1 Ne7 15.
a3 Ba5 16. d5 Ng6 17. c5 Nf4 18. Bd3 d6 19. b4 dxc5 20. bxa5 Qxd5 21. Bxf6 Nxd3
22. Nc3 Qf5 23. Bh4 c4 24. Qa4 Be6 25. Rab1 Nc5 26. Qb4 Nd3 27. Qa4 Nc5 28. Qb4
Nd3 29. Qa4 Nc5 1/2-1/2

[Event "Chigorin Memorial 2014"]
[Site "St Petersburg RUS"]
[Date "2014.10.22"]
[Round "5.14"]
[White "Lintchevski, Daniil"]
[Black "Saveliev, Alexei"]
[Result "1-0"]
[WhiteTitle "GM"]
[WhiteElo "2555"]
[BlackElo "2207"]
[WhiteFideId "4171055"]
[BlackFideId "24128546"]
[EventDate "2014.10.18"]

1. Nf3 Nf6 2. g3 e6 3. Bg2 d5 4. d4 Be7 5. O-O O-O 6. c4 dxc4 7. Ne5 c5 8. dxc5
Bxc5 9. Nxc4 Qe7 10. Nc3 Rd8 11. Qc2 Nc6 12. Bxc6 bxc6 13. Na4 Ba6 14. Bg5 Bb5
15. Ne5 Bd6 16. Ng4 h5 17. Ne3 c5 18. Nc3 Bc6 19. Nc4 Bc7 20. e4 Rd4 21. b3 Qf8
22. f3 Nh7 23. Be3 Rd7 24. Qf2 h4 25. gxh4 Nf6 26. Bxc5 Qb8 27. Rad1 Nh5 28.
Rxd7 Bxd7 29. Rd1 Nf4 30. Qd2 Bc6 31. Bd6 Ng6 32. h5 Nf8 33. h6 g6 34. Qd4 1-0

[Event "Chigorin Memorial 2014"]
[Site "St Petersburg RUS"]
[Date "2014.10.22"]
[Round "5.15"]
[White "Alekseev, Evgeny"]
[Black "Ponfilenok, Vladimir"]
[Result "1-0"]
[WhiteTitle "GM"]
[WhiteElo "2682"]
[BlackElo "2389"]
[WhiteFideId "4138147"]
[BlackFideId "24113522"]
[EventDate "2014.10.18"]

1. Nf3 e6 2. g3 b6 3. Bg2 Bb7 4. O-O f5 5. d3 Nf6 6. Nbd2 g6 7. e4 Bg7 8. e5 Ng4
9. Re1 Nh6 10. d4 O-O 11. b3 Nc6 12. Bb2 Ne7 13. Nf1 Nf7 14. Qe2 g5 15. h3 Ng6
16. Rad1 Be4 17. c4 d5 18. exd6 cxd6 19. N1d2 d5 20. Nh2 Bxg2 21. Kxg2 Re8 22.
Nhf3 Rc8 23. Rc1 Nd6 24. Red1 Ne4 25. Rc2 Qe7 26. Nf1 h5 27. N3d2 Nf6 28. Nf3 g4
29. hxg4 hxg4 30. Ne5 Nf8 31. Ne3 dxc4 32. bxc4 Qb7+ 33. d5 exd5 34. cxd5 Nxd5
35. Nxd5 Rxc2 36. Qxc2 Bxe5 37. Kg1 Qf7 38. Bxe5 Rxe5 39. Ne3 Rc5 40. Qb2 Qg7
41. Qb1 Qe5 42. Rd8 Qc7 43. Qd3 Rc1+ 44. Kg2 Rc5 45. Rd5 Rxd5 46. Qxd5+ Qf7 47.
Qxf5 Qxa2 48. Qxg4+ Kf7 49. Qf5+ Kg7 50. Qe5+ Kf7 51. Nd5 Qa3 52. g4 Qc5 53. Kg3
Nd7 54. Qf5+ Ke8 55. Qe6+ Kd8 56. g5 Nf8 57. Qf6+ Ke8 58. Qe5+ Kd7 59. g6 Nxg6
60. Nf6+ Kd8 61. Qe8+ Kc7 62. Qxg6 Qe5+ 63. f4 Qe3+ 64. Kg4 Qg1+ 65. Kh5 Qh2+
66. Kg5 Qg2+ 67. Ng4 a5 68. Qf7+ Kc6 69. Qc4+ Kd6 70. f5 Qa8 71. Qd4+ Ke7 72.
Qf6+ 1-0

[Event "Chigorin Memorial 2014"]
[Site "St Petersburg RUS"]
[Date "2014.10.22"]
[Round "5.16"]
[White "Grachev, Boris"]
[Black "Svetlov, Dmitry"]
[Result "1/2-1/2"]
[WhiteTitle "GM"]
[BlackTitle "FM"]
[WhiteElo "2673"]
[BlackElo "2387"]
[WhiteFideId "4129199"]
[BlackFideId "24102610"]
[EventDate "2014.10.18"]

1. d4 d5 2. Nf3 Nf6 3. c4 e6 4. Nc3 c6 5. e3 Nbd7 6. Qc2 Bd6 7. b3 O-O 8. Be2
dxc4 9. bxc4 e5 10. O-O Re8 11. Rd1 Qe7 12. h3 a6 13. a4 c5 14. dxe5 Nxe5 15.
Ng5 Ng6 16. Bb2 Bd7 17. Bf3 Qe5 18. Rxd6 Qxd6 19. Nd5 Re5 20. Rd1 Nxd5 21. Bxd5
Rxd5 22. cxd5 Rc8 23. Ne4 Qe7 24. d6 Qh4 25. Qc3 f6 26. Qb3+ Kh8 27. Qxb7 Nf8
28. Nc3 Qb4 29. Qxb4 cxb4 30. Nd5 a5 31. Nb6 Rc6 32. Nxd7 Nxd7 33. Rd5 Rc5 34.
Rxc5 Nxc5 35. Bd4 Nd7 36. f4 Kg8 37. Kf2 Kf7 38. f5 Ke8 39. Ke2 Ne5 40. Bxe5
fxe5 1/2-1/2

[Event "Chigorin Memorial 2014"]
[Site "St Petersburg RUS"]
[Date "2014.10.22"]
[Round "5.17"]
[White "Smirin, Ilia"]
[Black "Gevorgyan, David"]
[Result "1/2-1/2"]
[WhiteTitle "GM"]
[WhiteElo "2655"]
[BlackElo "2382"]
[WhiteFideId "2801990"]
[BlackFideId "13303244"]
[EventDate "2014.10.18"]

1. c4 e5 2. Nc3 d6 3. g3 g6 4. d4 Nc6 5. d5 Nce7 6. e4 Bg7 7. Nf3 Nf6 8. Bg2 O-O
9. O-O Ne8 10. Ne1 f5 11. Nd3 Nf6 12. Bg5 h6 13. Bxf6 Bxf6 14. f4 exf4 15. Nxf4
c6 16. Kh1 Be5 17. Qd2 g5 18. Nd3 Bg7 19. Rae1 cxd5 20. cxd5 Ng6 21. Qc2 Bd7 22.
exf5 Bxf5 23. Ne4 Qd7 24. Qb3 Rae8 25. Qb4 Ne5 26. Nxe5 Bxe5 27. Rf2 Re7 28. Qd2
Ref7 29. Nc5 Qb5 30. b4 dxc5 31. Rxe5 cxb4 32. h4 Qd3 33. Qxd3 Bxd3 34. Rd2 Bf5
35. d6 Kg7 36. hxg5 hxg5 37. g4 Bd7 38. Bd5 Kf6 39. Re4 Bc6 40. Bxc6 bxc6 41.
Rxb4 Rh8+ 42. Kg2 1/2-1/2

[Event "Chigorin Memorial 2014"]
[Site "St Petersburg RUS"]
[Date "2014.10.22"]
[Round "5.18"]
[White "Khairullin, Ildar"]
[Black "Tologontegin, Semetey"]
[Result "1/2-1/2"]
[WhiteTitle "GM"]
[BlackTitle "FM"]
[WhiteElo "2643"]
[BlackElo "2379"]
[WhiteFideId "4151348"]
[BlackFideId "13800574"]
[EventDate "2014.10.18"]

1. d4 d5 2. c4 e6 3. Nc3 a6 4. cxd5 exd5 5. Nf3 c6 6. Qb3 Nf6 7. Bg5 Be7 8. e3
O-O 9. Bd3 Nbd7 10. O-O Re8 11. Rad1 Nf8 12. Na4 Ra7 13. Rc1 Bg4 14. Ne5 Bh5 15.
Qb6 Qb8 16. Bf4 Qa8 17. Qb3 Bg6 18. Nxg6 hxg6 19. Bg3 Qd8 20. Qb6 Qa8 21. Nc5
Bd8 22. Qb3 Qc8 23. Rfe1 N8d7 24. Qc2 Ra8 25. b4 Bc7 26. Bxc7 Qxc7 27. a4 Rac8
28. Qd2 g5 29. b5 Nxc5 30. Rxc5 axb5 31. axb5 Ne4 32. Bxe4 Rxe4 33. bxc6 bxc6
34. Rec1 Qd7 35. Qa5 Re6 36. Qa6 Qe8 37. g3 Ra8 38. Qe2 f6 39. Qc2 Ra6 40. Rb1
Qa8 41. Rc3 Ra1 42. Rb3 Re8 43. Rb6 Rxb1+ 44. Qxb1 Qc8 45. Rb7 f5 46. Ra7 Qe6
47. Qb7 Qf6 48. Ra6 Re6 49. Ra8+ Kh7 50. Qc8 Kg6 51. Qh8 Qe7 52. Kg2 Rxe3 53.
fxe3 Qe4+ 54. Kf2 Qc2+ 55. Ke1 Qc1+ 1/2-1/2

[Event "Chigorin Memorial 2014"]
[Site "St Petersburg RUS"]
[Date "2014.10.22"]
[Round "5.19"]
[White "Chashchev, Sergey"]
[Black "Kokarev, Dmitry"]
[Result "0-1"]
[WhiteTitle "FM"]
[BlackTitle "GM"]
[WhiteElo "2390"]
[BlackElo "2626"]
[WhiteFideId "4134516"]
[BlackFideId "4132181"]
[EventDate "2014.10.18"]

1. Nf3 g6 2. b3 Bg7 3. d4 c5 4. Bb2 cxd4 5. Bxd4 Nf6 6. g3 Nc6 7. Bb2 Qb6 8. e3
O-O 9. Bg2 Qa5+ 10. Bc3 Qh5 11. Nd4 Qxd1+ 12. Kxd1 d5 13. h3 Re8 14. f4 Bd7 15.
g4 Rac8 16. Nd2 e5 17. Nxc6 exf4 18. exf4 Nxg4 19. Bxg7 Ne3+ 20. Ke2 Kxg7 21.
Be4 Nxc2 22. Ne5 Nxa1 23. Rxa1 Bc6 0-1

[Event "Chigorin Memorial 2014"]
[Site "St Petersburg RUS"]
[Date "2014.10.22"]
[Round "5.20"]
[White "Yandemirov, Valeri"]
[Black "Andriasian, Zaven"]
[Result "0-1"]
[WhiteTitle "GM"]
[BlackTitle "GM"]
[WhiteElo "2375"]
[BlackElo "2622"]
[WhiteFideId "4102622"]
[BlackFideId "13302000"]
[EventDate "2014.10.18"]

1. Nf3 d5 2. g3 Nc6 3. d4 Bg4 4. Bg2 Qd7 5. O-O O-O-O 6. c4 dxc4 7. Qa4 Kb8 8.
Qxc4 Bxf3 9. Bxf3 Nxd4 10. Qxf7 Nf6 11. Nc3 e5 12. Qxd7 Rxd7 13. Bg5 Bb4 14.
Bxf6 gxf6 15. Bh5 Bxc3 16. bxc3 Nb5 17. c4 Nc3 18. Rfc1 Ne4 19. Rab1 Rhd8 20. c5
c6 21. Bf3 Nd2 22. Rb4 Rd4 23. Rxd4 Nxf3+ 24. exf3 Rxd4 25. f4 exf4 26. Re1 f3
27. h4 a5 28. Re3 Rd1+ 29. Kh2 Rd2 30. Rxf3 Rxa2 31. Rxf6 Rc2 32. Rf5 a4 33. Kg2
a3 34. Rf3 a2 35. Ra3 h5 36. Ra5 Kc7 37. Ra7 Rxc5 38. Rxa2 b5 39. g4 hxg4 40.
Kg3 b4 41. Rb2 Rb5 42. h5 c5 43. h6 Rb6 44. Rc2 Rxh6 45. Rxc5+ Rc6 46. Rh5 Rc4
47. f3 gxf3 48. Kxf3 Kc6 49. Ke3 Rc1 50. Kd3 b3 0-1

[Event "Chigorin Memorial 2014"]
[Site "St Petersburg RUS"]
[Date "2014.10.22"]
[Round "5.21"]
[White "Ponkratov, Pavel"]
[Black "Triapishko, Olexandr"]
[Result "1-0"]
[WhiteTitle "GM"]
[WhiteElo "2617"]
[BlackElo "2369"]
[WhiteFideId "4157800"]
[BlackFideId "14122286"]
[EventDate "2014.10.18"]

1. Nf3 Nf6 2. g3 g6 3. Bg2 Bg7 4. O-O O-O 5. d4 d5 6. Nbd2 c6 7. c4 Nbd7 8. Qc2
Re8 9. Rd1 b6 10. e4 dxe4 11. Nxe4 Nxe4 12. Qxe4 Bb7 13. Qf4 Qb8 14. Qg4 Qc7 15.
Bf4 Qc8 16. Bh3 c5 17. d5 f5 18. Qh4 Nf8 19. Be5 e6 20. Bxg7 Kxg7 21. Qg5 Qd8
22. dxe6 Qxg5 23. Nxg5 Re7 24. Bg2 Bxg2 25. Kxg2 Rae8 26. a4 Nxe6 27. Nf3 Rd8
28. Rxd8 Nxd8 29. a5 Nf7 30. axb6 axb6 31. Ra6 Re6 32. b3 Kf6 33. Nd2 Ne5 34.
Nb1 Rd6 35. Nc3 Nd7 36. Nd5+ Ke5 37. Ra1 Re6 38. Nc7 Rc6 39. Re1+ Kf6 40. Nd5+
Kg5 41. Re7 Nf6 42. Nxf6 Kxf6 43. Rxh7 Rd6 44. Rb7 Ke5 45. Re7+ Kf6 46. Re3 g5
47. Kf3 b5 48. cxb5 Rb6 49. Ke2 Rxb5 50. Kd2 f4 51. gxf4 gxf4 52. Rc3 Ke5 53.
Kc2 Ra5 54. Kd3 Kd5 55. Rc4 f3 56. Rf4 Ra3 57. Kc3 c4 58. Rxc4 Ra2 59. Rd4+ Ke5
60. Rd2 Ra8 61. h4 Kf5 62. b4 Rc8+ 63. Kb3 Rb8 64. h5 Kg4 65. Rd5 Re8 66. h6 Re6
67. h7 Rh6 68. Rd7 Kh3 69. Rg7 1-0

[Event "Chigorin Memorial 2014"]
[Site "St Petersburg RUS"]
[Date "2014.10.22"]
[Round "5.22"]
[White "Ganguly, Surya Shekhar"]
[Black "Guseva, Marina"]
[Result "1/2-1/2"]
[WhiteTitle "GM"]
[BlackTitle "IM"]
[WhiteElo "2613"]
[BlackElo "2364"]
[WhiteFideId "5002150"]
[BlackFideId "4149351"]
[EventDate "2014.10.18"]

1. d4 d5 2. c4 c6 3. Nf3 Nf6 4. Nc3 e6 5. e3 Nbd7 6. Qc2 b6 7. Bd3 Bb7 8. O-O
Be7 9. b3 dxc4 10. bxc4 c5 11. Ne5 cxd4 12. exd4 Nxe5 13. dxe5 Nd7 14. Bf4 g5
15. Bg3 h5 16. h3 h4 17. Bh2 g4 18. hxg4 Bb4 19. Ne4 h3 20. Qa4 hxg2 21. Nf6+
Ke7 22. Qxb4+ Nc5 23. Rfd1 Rxh2 24. Kxh2 Qd4 25. Kg1 Rh8 26. Be4 Bxe4 27. Nh5
Rxh5 28. gxh5 Qxe5 29. Qd2 Nd3 30. Qe2 Qf4 31. f3 Ne5 32. fxe4 Qg3 33. Qxg2 Nf3+
34. Kf1 Nh2+ 35. Kg1 Nf3+ 36. Kf1 Nh2+ 37. Kg1 1/2-1/2

[Event "Chigorin Memorial 2014"]
[Site "St Petersburg RUS"]
[Date "2014.10.22"]
[Round "5.23"]
[White "Smirnov, Pavel"]
[Black "Zubritskiy, Artyom"]
[Result "0-1"]
[WhiteTitle "GM"]
[WhiteElo "2611"]
[BlackElo "2360"]
[WhiteFideId "4123425"]
[BlackFideId "4181247"]
[EventDate "2014.10.18"]

1. d4 d5 2. c4 dxc4 3. e3 Nf6 4. Bxc4 e6 5. Nf3 c5 6. O-O a6 7. Bb3 Nc6 8. Nc3
Be7 9. dxc5 Bxc5 10. Qxd8+ Kxd8 11. e4 Nd7 12. Rd1 Ke7 13. Bf4 f6 14. Rac1 g5
15. Bg3 g4 16. Na4 Ba7 17. Bd6+ Kf7 18. Nh4 Nd4 19. Rc7 Nb5 20. Rcc1 Nd4 21. Kf1
Re8 22. f4 gxf3 23. gxf3 b5 24. Nc5 Nxc5 25. Bxc5 Nxb3 26. axb3 e5 27. Bxa7 Rxa7
28. Rd6 Be6 29. Rcc6 a5 30. Nf5 Bxb3 31. Rxf6+ Kg8 32. Nd6 Rb8 33. Rf5 b4 34.
Rg5+ Kh8 35. Rxe5 a4 36. Nc8 Raa8 37. Re8+ Bg8 38. Rc2 Rb7 39. Rd2 a3 40. bxa3
bxa3 41. Rdd8 Rg7 42. Kf2 a2 43. Rd1 a1=Q 44. Rxa1 Rxa1 45. Nd6 Rga7 46. h4 Ra8
47. Re7 R1a7 48. Re5 Rf8 49. h5 Ra6 50. Nf5 Bf7 51. Ng3 Rf6 52. Ke3 Ra8 53. Nf5
Bxh5 54. Rc5 Bg6 55. Nh4 Ra3+ 56. Ke2 Rf4 0-1

[Event "Chigorin Memorial 2014"]
[Site "St Petersburg RUS"]
[Date "2014.10.22"]
[Round "5.24"]
[White "Bazeev, German"]
[Black "Savchenko, Boris"]
[Result "0-1"]
[BlackTitle "GM"]
[WhiteElo "2369"]
[BlackElo "2608"]
[WhiteFideId "24119350"]
[BlackFideId "4147332"]
[EventDate "2014.10.18"]

1. d4 Nf6 2. Nf3 g6 3. g3 Bg7 4. Bg2 O-O 5. O-O d6 6. c4 Nc6 7. Nc3 Rb8 8. h3 a6
9. a4 Na5 10. b3 c5 11. e4 cxd4 12. Nxd4 Nd7 13. Be3 b6 14. Rb1 Bb7 15. Qe2 e6
16. Rfd1 Qc7 17. Rdc1 Rbc8 18. Nf3 Bxc3 19. Rxc3 Bxe4 20. Rbc1 Rfe8 21. b4 Nc6
22. b5 Ne7 23. bxa6 Ra8 24. Bd4 Bc6 25. g4 e5 26. Be3 f6 27. a5 bxa5 28. Ra3 a4
29. Qa2 Rxa6 30. Rd1 Kg7 31. Rad3 Nf8 32. g5 Nf5 33. Bc1 fxg5 34. Bb2 Nd7 35. c5
Nxc5 36. Rxd6 Bxf3 37. Rxa6 Bxg2 38. Rc1 Qb7 39. Rxc5 Qxa6 40. Rxe5 Qf1+ 0-1

[Event "Chigorin Memorial 2014"]
[Site "St Petersburg RUS"]
[Date "2014.10.22"]
[Round "5.25"]
[White "Nakhbayeva, Guliskhan"]
[Black "Burmakin, Vladimir"]
[Result "1/2-1/2"]
[WhiteTitle "WGM"]
[BlackTitle "GM"]
[WhiteElo "2365"]
[BlackElo "2583"]
[WhiteFideId "13704788"]
[BlackFideId "4105109"]
[EventDate "2014.10.18"]

1. d4 g6 2. e4 Bg7 3. c4 d6 4. Nc3 Nc6 5. Be3 e5 6. Nge2 exd4 7. Nxd4 Nge7 8.
Be2 O-O 9. O-O f5 10. Nxc6 bxc6 11. Bd4 c5 12. Bxg7 Kxg7 13. exf5 Nxf5 14. Bf3
Rb8 15. Qd2 Nd4 16. Be4 Bf5 17. Rae1 Qd7 18. Bxf5 Qxf5 19. Re7+ Rf7 20. Rfe1 Rf8
21. Nd5 Rxe7 22. Rxe7+ Rf7 23. Qe1 c6 24. Rxf7+ Qxf7 25. Nc3 Kf8 26. b3 Qf4 27.
Qe3 Qxe3 28. fxe3 Ne6 29. Kf2 Ke7 30. Kf3 Kf6 31. Ke4 Ng5+ 32. Kf4 Ne6+ 33. Ke4
Ng5+ 34. Kf4 Ne6+ 35. Ke4 1/2-1/2

[Event "Chigorin Memorial 2014"]
[Site "St Petersburg RUS"]
[Date "2014.10.22"]
[Round "5.26"]
[White "Yemelin, Vasily"]
[Black "Akhmetov, Ayan"]
[Result "1/2-1/2"]
[WhiteTitle "GM"]
[BlackTitle "IM"]
[WhiteElo "2568"]
[BlackElo "2350"]
[WhiteFideId "4113217"]
[BlackFideId "13703706"]
[EventDate "2014.10.18"]

1. e4 e6 2. d4 d5 3. Nd2 Nc6 4. Ngf3 Nf6 5. e5 Nd7 6. Be2 Be7 7. O-O f6 8. exf6
Bxf6 9. c3 e5 10. Qb3 exd4 11. Qxd5 dxc3 12. bxc3 Nb6 13. Qh5+ g6 14. Qh6 Bf5
15. Re1 Ne7 16. g4 Bc2 17. Nb3 Qd7 18. Nfd4 Bxb3 19. axb3 Bxd4 20. cxd4 O-O-O
21. Rxa7 Nc6 22. Ra2 Nxd4 23. Bd1 Nb5 24. Be3 Nc3 25. Rd2 Qc6 26. Rxd8+ Rxd8 27.
Bg5 Re8 28. Rxe8+ Qxe8 29. Bf3 Qf7 30. Kg2 Nd7 31. Bd2 Ne5 32. Qf4 Qxf4 33. Bxf4
Nxf3 34. Kxf3 Kd7 35. Be5 Nd5 36. Ke4 Ke6 37. f4 c6 38. f5+ gxf5+ 39. gxf5+ Kf7
40. Bd4 Nf6+ 1/2-1/2

[Event "Chigorin Memorial 2014"]
[Site "St Petersburg RUS"]
[Date "2014.10.22"]
[Round "5.27"]
[White "Akkozov, Berik"]
[Black "Rozum, Ivan"]
[Result "0-1"]
[WhiteTitle "IM"]
[BlackTitle "GM"]
[WhiteElo "2361"]
[BlackElo "2551"]
[WhiteFideId "13704214"]
[BlackFideId "24104272"]
[EventDate "2014.10.18"]

1. Nf3 c5 2. c4 Nc6 3. g3 g6 4. Bg2 Bg7 5. O-O e6 6. Nc3 Nge7 7. d3 O-O 8. Bd2
b6 9. a3 Bb7 10. Rb1 d5 11. Re1 Rc8 12. Qc1 Nd4 13. b3 dxc4 14. dxc4 Nxf3+ 15.
exf3 Nf5 16. Bg5 Qd3 17. Ne4 Nd4 18. Qd1 Qxd1 19. Rbxd1 Bxe4 20. fxe4 h6 21. Be3
Nxb3 22. Rd7 Na5 23. Bf1 Nc6 24. Red1 Rfd8 25. R1d6 Rxd7 26. Rxd7 Kf8 27. f4 Ke8
28. Rb7 Bd4 29. Kf2 Bxe3+ 30. Kxe3 Rb8 31. Rc7 a6 32. e5 Na5 33. Ra7 Rd8 34.
Rxa6 Rd1 35. Bd3 Ra1 36. Rxb6 Rxa3 37. Ke2 Nb3 38. Rb8+ Ke7 39. Rb7+ Kf8 40.
Rb8+ Kg7 41. Ke3 Nc1 42. Rd8 g5 43. fxg5 hxg5 44. g4 Ra2 45. h3 Nxd3 46. Rxd3
Rc2 47. Rd7 Rc3+ 48. Kf2 Rxc4 49. Rc7 Rc3 50. Ke2 Kg6 51. Rc6 c4 52. Kf2 Rc1 53.
Ke2 c3 54. Rc5 Kg7 55. Kd3 Rh1 56. Rxc3 Rxh3+ 57. Kd2 Rxc3 58. Kxc3 f6 59. exf6+
Kxf6 60. Kd4 Kf7 61. Ke4 Ke8 62. Kd4 Kd7 63. Ke5 Ke7 64. Kd4 Kd6 65. Ke4 e5 66.
Kf5 Kd5 67. Kxg5 e4 68. Kh4 e3 69. Kg3 Ke4 70. g5 Kd3 0-1

[Event "Chigorin Memorial 2014"]
[Site "St Petersburg RUS"]
[Date "2014.10.22"]
[Round "5.28"]
[White "Kukhmazov, Arsen"]
[Black "Tukhaev, Adam"]
[Result "1/2-1/2"]
[WhiteTitle "FM"]
[BlackTitle "GM"]
[WhiteElo "2351"]
[BlackElo "2551"]
[WhiteFideId "24108260"]
[BlackFideId "14109476"]
[EventDate "2014.10.18"]

1. d4 d5 2. c4 c6 3. Nf3 e6 4. Nbd2 Nf6 5. g3 Nbd7 6. Bg2 b6 7. O-O Bb7 8. Qc2
Be7 9. e4 Nxe4 10. Nxe4 dxe4 11. Qxe4 O-O 12. Rd1 Re8 13. Bf4 Nf6 14. Qe2 Qc8
15. Ne5 c5 16. b3 h6 17. Bf3 cxd4 18. Rxd4 Bxf3 19. Qxf3 Qc5 20. Rad1 Rac8 21.
Nd7 Qf5 22. Kg2 b5 23. cxb5 Qxb5 24. Bxh6 Nxd7 25. Qg4 Bf6 26. Rxd7 Rc2 27. Qf3
Rxa2 28. Rb7 Qf5 29. Be3 a5 30. Rdd7 Rf8 31. h4 a4 32. bxa4 Rxa4 33. Qxf5 exf5
34. h5 Raa8 35. h6 Rad8 36. hxg7 Bxg7 37. Rxd8 Rxd8 38. Rb5 Bd4 39. Bg5 Rc8 40.
Rxf5 Rc5 41. Rxc5 Bxc5 42. Be3 Ba3 43. Kf3 Kg7 44. Ke4 Kg6 45. g4 f5+ 46. gxf5+ 1/2-1/2

[Event "Chigorin Memorial 2014"]
[Site "St Petersburg RUS"]
[Date "2014.10.22"]
[Round "5.29"]
[White "Popov, Valerij"]
[Black "Golubov, Saveliy"]
[Result "1-0"]
[WhiteTitle "GM"]
[WhiteElo "2546"]
[BlackElo "2347"]
[WhiteFideId "4119410"]
[BlackFideId "24176729"]
[EventDate "2014.10.18"]

1. e4 e6 2. d4 d5 3. Nd2 c5 4. exd5 exd5 5. Ngf3 Nf6 6. Be2 Nc6 7. O-O cxd4 8.
Nb3 Be7 9. Nfxd4 O-O 10. Bf4 a6 11. c3 Ne4 12. Qc2 Bd6 13. Bxd6 Qxd6 14. Rad1
Nf6 15. Nxc6 Qxc6 16. Bf3 Bg4 17. Bxg4 Nxg4 18. h3 Nf6 19. Nd4 Qc7 20. Nf5 Rad8
21. Qd2 h6 22. Qd4 Kh7 23. Rd3 Qc6 24. Re1 Rfe8 25. Rde3 Rxe3 26. Rxe3 g6 27.
Ne7 Qd6 28. Rf3 Qxe7 29. Qxf6 Rd7 30. Qxe7 Rxe7 31. Rf6 Kg7 32. Rb6 Rd7 33. Kf1
d4 34. cxd4 Rxd4 35. Rxb7 Rd2 36. h4 h5 37. g3 a5 38. a4 Kf6 39. Rb5 Rc2 40. Kg2
Ke6 41. Kf3 Kf6 42. Ke3 Ke6 43. Rb6+ Ke5 44. Rb5+ Kf6 45. b3 Rb2 46. f3 Ke6 47.
Ke4 Re2+ 48. Kf4 Rb2 49. g4 hxg4 50. fxg4 f6 51. Rb6+ Kf7 52. Rb7+ Ke6 53. g5 f5
54. Rg7 Rxb3 55. Rxg6+ Kf7 56. Rh6 Kg7 57. h5 1-0

[Event "Chigorin Memorial 2014"]
[Site "St Petersburg RUS"]
[Date "2014.10.22"]
[Round "5.30"]
[White "Yakovich, Yuri"]
[Black "Demianjuk, Alexander"]
[Result "1-0"]
[WhiteTitle "GM"]
[WhiteElo "2523"]
[BlackElo "2342"]
[WhiteFideId "4100654"]
[BlackFideId "4134249"]
[EventDate "2014.10.18"]

1. c4 e5 2. Nc3 Nf6 3. g3 c6 4. Nf3 e4 5. Nd4 Bc5 6. Nb3 Bb4 7. Bg2 d5 8. cxd5
cxd5 9. O-O O-O 10. d3 Nc6 11. dxe4 dxe4 12. Qxd8 Rxd8 13. Bg5 Bxc3 14. bxc3 Re8
15. Rfd1 h6 16. Bxf6 gxf6 17. Nd2 e3 18. Ne4 exf2+ 19. Kxf2 Kg7 20. Nd6 Re5 21.
Rab1 Na5 22. Nxb7 Nxb7 23. Bxb7 Rb8 24. Bxc8 Rxc8 25. Rd3 Rf5+ 26. Ke1 Ra5 27.
Rb2 Kg6 28. Rc2 Ra4 29. Kd2 Rcc4 30. e3 Rc5 31. Rd4 Ra3 32. Kd3 f5 33. Rd6+ f6
34. Kd4 Re5 35. Rc6 Re4+ 36. Kc5 Kg5 37. c4 Raxe3 38. Rd6 Re2 39. Rdd2 Rxd2 40.
Rxd2 f4 41. gxf4+ Kxf4 42. Kd5 f5 43. Rf2+ Ke3 44. Rxf5 Rd4+ 45. Kc5 Rh4 46. a4
Rxh2 47. Kd6 h5 48. c5 Rd2+ 49. Kc7 h4 50. Rh5 Rd4 51. a5 Kf3 52. c6 Kg4 53. Rh8
Rd5 54. a6 h3 55. Kb8 1-0